000 00360nam a2200133 a 4500
005 20140414093845.0
008 091020s19uu xx 00 eng d
050 _aCD 530
_bEXP 2007
100 _aSilverio, Angelina A.
245 _aExploring life through Science :
_bPhysics /
_cAngelina A. Siverio.
650 _aPhysics.
942 _cAVM
999 _c109545
_d109545